Second Level Subdivisions of Egypt with Map - Statistics

General Stats
  • This quiz has been taken 88 times
  • The average score is 19 of 375
Answers on the Map
Answers color-coded by a green-red scale on the quiz's map according to % correct below.
 
Answer Stats
Governorate Second Level Subdivision % Correct
Giza Giza Kism
66%
Giza Giza Markaz
66%
Luxor Luxor Kism
65%
Luxor Luxor Markaz
65%
Aswan Aswan Kism 1
57%
Aswan Aswan Kism 2
57%
Aswan Aswan Markaz
57%
Suez Suez Kism
57%
Asyut Asyut Kism 1
37%
Asyut Asyut Kism 2
37%
Asyut Asyut Markaz
37%
Qena Qena Kism
34%
Qena Qena Markaz
34%
Damietta Damietta Kism 1
26%
Damietta Damietta Kism 2
26%
Damietta Damietta Markaz
26%
Minya Minya Kism 1
26%
Minya Minya Kism 2
26%
Minya Minya Kism 3
26%
Minya Minya Markaz
26%
Cairo New Cairo 1
26%
Cairo New Cairo 2
26%
Cairo New Cairo 3
26%
South Sinai Sharm El Sheikh 1
26%
South Sinai Sharm El Sheikh 2
26%
Beni Suef Beni Suef Kism
25%
Beni Suef Beni Suef Markaz
25%
Matrouh Siwa
23%
Fayoum Fayoum Kism 1&2
22%
Fayoum Fayoum Markaz
22%
Souhaj Souhaj Kism 1
17%
Souhaj Souhaj Kism 2
17%
Souhaj Souhaj Markaz
17%
Gharbiyah Tanta Kism 1
17%
Gharbiyah Tanta Kism 2
17%
Gharbiyah Tanta Markaz
17%
Kafr El Sheikh Kafr El Sheikh Kism 1
15%
Kafr El Sheikh Kafr El Sheikh Kism 2
15%
Kafr El Sheikh Kafr El Sheikh Markaz
15%
Aswan Abu Simbel
14%
Matrouh Al Alamein
14%
South Sinai Dahab
12%
Daqahliyah Mansoura Kism 1
12%
Daqahliyah Mansoura Kism 2
12%
Daqahliyah Mansoura Markaz
12%
Aswan Nasr
11%
Qalyoubiyah Qalyoub Kism
11%
Qalyoubiyah Qalyoub Markaz
11%
North Sinai Arish 1
9%
North Sinai Arish 2
9%
North Sinai Arish 3
9%
North Sinai Arish 4
9%
El Beheira Badr
9%
Cairo Heliopolis
9%
Ismaeliyah Ismaeliyah Kism 1
9%
Ismaeliyah Ismaeliyah Kism 2
9%
Ismaeliyah Ismaeliyah Kism 3
9%
Ismaeliyah Ismaeliyah Markaz
9%
Red Sea Governorate Marsa Alam
9%
Cairo Zamalek
9%
Qalyoubiyah Banha Kism 1
8%
Qalyoubiyah Banha Kism 2
8%
Qalyoubiyah Banha Markaz
8%
Matrouh Marsa Matrouh
8%
Cairo Old Cairo
8%
North Sinai Rafah
8%
South Sinai Al Tur
6%
Beni Suef Biba
6%
Red Sea Governorate Halayeb
6%
Sharqiyah Hihya
6%
Minya Mallawi Kism
6%
Minya Mallawi Markaz
6%
Asyut Abnub
5%
Asyut Al Fath
5%
Cairo Al Salam 1
5%
Cairo Al Salam 2
5%
Kafr El Sheikh Biyala Kism
5%
Kafr El Sheikh Biyala Markaz
5%
Alexandria Burj El Arab
5%
Aswan Daraw
5%
Red Sea Governorate Hurgada 1
5%
Red Sea Governorate Hurgada 2
5%
Giza Imbabah Kism
5%
Giza Imbabah Markaz
5%
Sharqiyah Minya Al Qamh
5%
North Sinai Nakhl
5%
Qena Qus
5%
El Beheira Rashid
5%
Monofiya Sadat City
5%
Red Sea Governorate Safaga
5%
Cairo Shubra
5%
Asyut Sidfa
5%
Alexandria Sidi Gaber
5%
Souhaj Tahta Kism
5%
Souhaj Tahta Markaz
5%
Monofiya Tala
5%
El Beheira Abu Hummus
3%
Alexandria Al Amriyah 1
3%
Alexandria Al Amriyah 2
3%
Cairo Al Basatin
3%
Beni Suef Al Fashn
3%
Cairo Al Maadi
3%
Cairo Al Marj
3%
Alexandria Al Raml 1
3%
Alexandria Al Raml 2
3%
Giza Al Saf
3%
Port Said Al Sharq
3%
Luxor Armant
3%
North Sinai Bir El Abd
3%
Asyut Dairut
3%
El Beheira Damanhour Kism
3%
El Beheira Damanhour Markaz
3%
Qena Dishna
3%
Kafr El Sheikh Disuq Kism
3%
Kafr El Sheikh Disuq Markaz
3%
Matrouh El Dabaa
3%
Daqahliyah Gamasa
3%
Cairo Hulwan
3%
Aswan Idfu
3%
El Beheira Idku
3%
Fayoum Itsa
3%
Asyut Manfalut
3%
Alexandria | Matrouh North Coast
3%
South Sinai Nuwaybia
3%
Alexandria Police Department Port Alexandria
3%
Qena Qift
3%
South Sinai Ras Sidr
3%
Minya Samallut
3%
Souhaj Tima
3%
Cairo 15 May
2%
El Beheira Abu El Mattamir
2%
Sharqiyah Abu Kabir
2%
South Sinai Abu Radis
2%
Asyut Abu Tij Kism
2%
Asyut Abu Tij Markaz
2%
Cairo Ain Shams
2%
Daqahliyah Aja
2%
Souhaj Akhmim
2%
Giza Al Ahram
2%
Cairo Al Amiriyah
2%
Alexandria Al Attarin
2%
Cairo Al Azbakeyah
2%
Asyut Al Badari
2%
Giza Al Bahariyah Oasis
2%
Kafr El Sheikh Al Burulus
2%
Cairo Al Darb Al Ahmar
2%
Giza Al Duqqi
2%
Asyut Al Ghanayim
2%
Kafr El Sheikh Al Hamul
2%
North Sinai Al Hasanah
2%
Cairo Al Jamaliyah
2%
Port Said Al Janub 1
2%
Port Said Al Janub 2
2%
Alexandria Al Laban
2%
Port Said Al Manakh
2%
Port Said Al Manasrah
2%
Alexandria Al Muntazah 1
2%
Alexandria Al Muntazah 2
2%
Asyut Al Qusiyah
2%
Qalyoubiyah Al Ubur
2%
Qena Al Waqf
2%
Giza Al Warraq
2%
Beni Suef Al Wasita
2%
Giza Atfih
2%
Sharqiyah Awlad Saqr
2%
Giza Awsim
2%
Alexandria Bab Sharqi
2%
Cairo Badr City
2%
Daqahliyah Belqas
2%
Cairo | Souhaj Dar Es Salam
2%
Minya Dayr Mawas
2%
Daqahliyah Dikirnis
2%
Sharqiyah Diyarb Najm
2%
Qalyoubiyah El Khanka Kism
2%
Qalyoubiyah El Khanka Markaz
2%
Alexandria El Manshiyah
2%
Giza El Sheikh Zayed
2%
Cairo El Waily
2%
Sharqiyah Faqus Kism
2%
Sharqiyah Faqus Markaz
2%
Qena Farshut
2%
Kafr El Sheikh Fuwah
2%
El Beheira Hawsh Isa
2%
El Beheira Ityay El Barud
2%
Qalyoubiyah Kafr Shukr
2%
Alexandria Karmuz
2%
El Beheira Kawm Hamada
2%
Aswan Kawm Umbu
2%
Giza Kirdasah
2%
Minya Matay
2%
Monofiya Menuf Kism
2%
Monofiya Menuf Markaz
2%
Daqahliyah Mit Ghamr Kism
2%
Daqahliyah Mit Ghamr Markaz
2%
Daqahliyah Mit Salsil
2%
Kafr El Sheikh Mutubis
2%
Qalyoubiyah Qaha
2%
Kafr El Sheikh Qallin
2%
Cairo Qasr El Nil
2%
Gharbiyah Qutur
2%
Damietta Ras El Bar
2%
Red Sea Governorate Ras Ghareb
2%
Asyut Sahel Selim
2%
Sharqiyah San Al Hajar
2%
Red Sea Governorate Shilatin
2%
Daqahliyah Shirbin
2%
Qalyoubiyah Shubra El Kheima 1
2%
Qalyoubiyah Shubra El Kheima 2
2%
Giza Sixth October City Kism 1&3
2%
Giza Sixth October City Kism 2
2%
Beni Suef Sumusta Al Waqf
2%
Daqahliyah Talkha
2%
Sharqiyah Tenth Ramadan City 1
2%
Sharqiyah Tenth Ramadan City 2
2%
Qalyoubiyah Tukh
2%
El Beheira Wadi El Natrun
2%
Cairo Aabdin
0%
Sharqiyah Abu Hammad
0%
Minya Abu Qurqas
0%
Ismaeliyah Abu Suwir
0%
Qena Abu Tisht
0%
Giza Al Aayat
0%
Giza Al Ajuzah
0%
Port Said Al Arab
0%
Suez Al Arbain
0%
Souhaj Al Aseerat
0%
Giza Al Badrashayn
0%
Monofiya Al Bajur
0%
Souhaj Al Balyanah
0%
Port Said Al Dahawy
0%
El Beheira Al Dilinjat
0%
Alexandria Al Dukhaylah
0%
Giza Al Hawamdiyah
0%
Sharqiyah Al Husayniyah
0%
Sharqiyah Al Ibrahimeyah
0%
Minya Al Idwah
0%
Suez Al Janayin
0%
Souhaj Al Kawthar
0%
Cairo Al Khalifah
0%
Qalyoubiyah Al Khusus
0%
Cairo Al Maasarah
0%
Minya Al Maghaghah
0%
Gharbiyah Al Mahallah El Kubra Kism 1
0%
Gharbiyah Al Mahallah El Kubra Kism 2
0%
Gharbiyah Al Mahallah El Kubra Kism 3
0%
Gharbiyah Al Mahallah El Kubra Markaz
0%
Souhaj Al Maragha
0%
Cairo | Daqahliyah Al Matariyah
0%
Souhaj Al Munshaa
0%
Cairo Al Muqattam
0%
Cairo Al Muski
0%
Matrouh Al Najilah
0%
Cairo Al Nuzha
0%
Qalyoubiyah Al Qanatir Al Khayriyah
0%
Sharqiyah Al Qanayat
0%
Ismaeliyah Al Qantarah
0%
Luxor Al Qarnah
0%
Sharqiyah Al Qurayn
0%
Red Sea Governorate Al Qusayr
0%
Kafr El Sheikh Al Riyad
0%
Cairo Al Sahel
0%
Gharbiyah Al Santah
0%
Cairo Al Sayidah Zeinab
0%
Cairo Al Sharabiyah
0%
Monofiya Al Shuhadaa
0%
Cairo Al Shuruq
0%
Giza Al Talabiah
0%
Ismaeliyah Al Tal Al Kabir
0%
Cairo Al Tibbin
0%
Giza Al Umraniyah
0%
Cairo Al Zahir
0%
Sharqiyah Al Zaqaziq Kism 1
0%
Sharqiyah Al Zaqaziq Kism 2
0%
Sharqiyah Al Zaqaziq Markaz
0%
Damietta Al Zarqa
0%
Cairo Al Zawiyah Al Hamra
0%
Cairo Al Zaytun
0%
Port Said Al Zuhur
0%
Monofiya Ashmun
0%
Suez Ataqah
0%
Cairo Bab El Shaariyah
0%
New Valley Balat
0%
Gharbiyah Basyun
0%
Minya Beni Mazar
0%
Daqahliyah Beni Ubayd
0%
Sharqiyah Bilbis
0%
Cairo Bulaq
0%
Giza Bulaq El Dakrur
0%
Matrouh El Hammam
0%
Alexandria El Jumruk
0%
New Valley El Kharja Oasis
0%
Daqahliyah El Kurdy
0%
El Beheira El Mahmoudiyah
0%
Daqahliyah El Manzalah
0%
Cairo El Nasr City 1
0%
Cairo El Nasr City 2
0%
El Beheira El Rahmaniyah
0%
Monofiya El Sab Pond
0%
Matrouh El Saloum
0%
North Sinai El Sheikh Zuwayd
0%
Daqahliyah El Sinbellawin
0%
Suez Faisal
0%
Damietta Faraskur
0%
Ismaeliyah Fayid
0%
El Beheira Gharb El Nubariya
0%
Cairo Hadaiq Al Qubah
0%
Fayoum Ibshaway
0%
Beni Suef Ihnasiyah
0%
Luxor Isna
0%
Daqahliyah Jamaliyah
0%
Souhaj Jirja Kism
0%
Souhaj Jirja Markaz
0%
Souhaj Juhaynah El Gharbiyah
0%
Gharbiyah Kafr Al Zayyat
0%
Damietta Kafr El Battikh
0%
El Beheira Kafr El Dawar Kism
0%
El Beheira Kafr El Dawar Markaz
0%
Damietta Kafr Saad
0%
Sharqiyah Kafr Saqr
0%
Daqahliyah Mahal El Damanah
0%
Minya Mallawit Gharb
0%
Sharqiyah Mashtul El Suq
0%
Alexandria Minaa El Basal
0%
Daqahliyah Minya El Nasr
0%
Port Said Mubarak East Branch
0%
Alexandria Muharram Bek
0%
Sharqiyah Munshaa Abu Omar
0%
Cairo Munshaat Nasr
0%
Daqahliyah Nabarwah
0%
Qena Naj Hammadi
0%
Qena Naqadah
0%
Beni Suef Nasir
0%
Aswan New Aswan City
0%
Beni Suef New Beni Suef City
0%
Alexandria New Burj El Arab City
0%
Damietta New Damietta City
0%
Fayoum New Fayoum City
0%
Damietta New Police Department Port Damietta
0%
Ismaeliyah New Qasasin
0%
Qena New Qena City
0%
Sharqiyah New Salihiyah
0%
North Sinai Police Department Al Qasimah
0%
New Valley Police Department Baris
0%
New Valley Police Department El Dakhla
0%
New Valley Police Department El Farafra
0%
Port Said Police Department Port Said
0%
Suez Police Department Port Suez
0%
North Sinai Police Department Rumanah
0%
South Sinai Police Department Taba
0%
Luxor Police Department Tiba
0%
Port Said Port Foad 1
0%
Port Said Port Foad 2
0%
Ismaeliyah Qantarat El Sharq
0%
Monofiya Quwaysana
0%
Cairo Rud Al Faraj
0%
South Sinai Saint Katrin
0%
Gharbiyah Samannud
0%
Souhaj Saqultah
0%
Monofiya Shibin El Kawm Kism
0%
Monofiya Shibin El Kawm Markaz
0%
El Beheira Shubrakheit
0%
Qalyoubiyah Sibin El Qanatir
0%
Matrouh Sidi Barrany
0%
Kafr El Sheikh Sidi Selim
0%
Fayoum Sinnurus
0%
Monofiya Sirs El Layannah
0%
Fayoum Tamiyah
0%
Daqahliyah Timay El Imdid
0%
Cairo Turah
0%
Fayoum Yusuf Al Sediq
0%
Gharbiyah Zifta Kism
0%
Gharbiyah Zifta Markaz
0%
No matching quizzes found
Score Distribution
Percent of People with Each Score
Percentile by Number Answered
Your Score History
You have not taken this quiz